000 00414nam a2200181Ia 4500
005 20240823033802.0
008 240823s9999||||xx |||||||||||||| ||und||
041 _aURUDU
082 _A891.4393 Q3
100 _aMaktaba Payam-I-Taleem
245 0 _aEk Baune Ka Qissa
250 _a1st
260 _c2013
_bMaktaba Payam I T
500 _aDISPLAY
650 _aUrdu
_bGeneral
942 _cBK
999 _c196646
_d196646